Statistics for After WW2 #1

Click here to take the quiz!

General Stats

  • This quiz has been taken 14 times
  • The average score is 4 of 10

Answer Stats

YearDecriptionAnswer% Correct
1945The abrupt withdrawal of ______n Lend-Lease support to Britain on 2 September 1945 dealt a severe blow to the plans of the new government. It was only with the completion of the Anglo-American loan by the United States to Great Britain on 15 July 1946 that some measure of economic stability was restored.America
77%
1945New satellite states were set up by the Soviets in Poland, Bulgaria, Hungary,[13][page needed] Czechoslovakia,[14] Romania,[15][16] Albania,[17] and East Germany; the last of these was created from the Soviet zone of occupation in ______.Germany
77%
1961Lend-Lease came just before its reserves were exhausted. _____ had placed 55% of its total labour force into war production.Britain
62%
mid 1990s - mid 2000sThe _____ population decreased by about 27 million during the war.Soviet
54%
1953By 1953, _____ production was twice its 1940 level, but the production of many consumer goods and foodstuffs was lower than it had been in the late 1920s.steel
54%
1944At first this was undertaken in an extralegal manner by the _______ ________ (called the épuration sauvage, "wild purge").French Resistence
23%
1948The _________ _________ was approved on 1 January 1948, resulting from the work of a Constituent Assembly formed by the representatives of all the anti-fascist forces that contributed to the defeat of Nazi and Fascist forces during the Italian Civil War.[29] Unlike in Germany and Japan, no war crimes tribunals were held against Italian military and political leaders, though the Italian resistance summarily executed some of them (such as Mussolini) at the end of the war; the Togliatti amnesty, taking its name from the Communist Party secretary at the time, pardoned all wartime common and political crimes in 1946.Republican Constituition
23%
1937In the east, the ___________ reverted to Czechoslovakia following the European Advisory Commission's decision to delimit German territory to be the territory it held on 31 December 1937.Sudetenland
23%
1945After the German surrender, the ________ ___ ______ was prohibited from providing aid such as food or visiting POW camps for Germans inside Germany. However, after making approaches to the Allies in the autumn of 1945 it was allowed to investigate the camps in the UK and French occupation zones of Germany, as well as to provide relief to the prisoners held there.International Red Cross
15%
1945In accordance with the _____________ agreements, the Soviet Union occupied and subsequently annexed the strategic island of Sakhalin.Potsdam Conference
15%

Score Distribution

Percentile by Number Answered

Percent of People with Each Score

Your Score History

You have not taken this quiz